[Event "LSS WC-2011-T-00002"]
[Site "LSS email"]
[Date "2010.06.10"]
[Round "?"]
[White "Bonatti, Walter Fabian"]
[Black "Braakhuis, Wilfried FR"]
[Result "1/2-1/2"]
[WhiteElo "2414"]
[BlackElo "2315"]
[PlyCount "83"]
[EventDate "2010.06.15"]
[EventType "tourn (corr)"]
[EventRounds "10"]
[EventCountry "GER"]
[EventCategory "4"]
[SourceTitle "Corr 2013"]
[Source "ChessBase"]
[SourceDate "2012.11.12"]
[SourceVersion "1"]
[SourceVersionDate "2012.11.12"]
[SourceQuality "1"]
[WhiteTeam "US of America"]
[BlackTeam "US of America"]
[WhiteTeamCountry "USA"]
[BlackTeamCountry "USA"]

1. e4 e5 2. Nf3 Nf6 3. Nxe5 d6 4. Nf3 Nxe4 5. d4 d5 6. Bd3 Be7 7. 0-0 Nc6 8. c4 Nb4 9. Be2 0-0 10. Nc3 Be6 11. Ne5 f6 12. Nf3 Kh8 13. Qb3 Nxc3 14. bxc3 dxc4 15. Bxc4 Bxc4 16. Qxc4 Nd5 17. Rb1 Rb8 18. Bd2 c6 19. a4 Bd6 20. Qd3 Qd7 21. c4 Nf4 22. Bxf4 Bxf4 23. Rfe1 Rbe8 24. a5 Bc7 25. Qc3 Rxe1+ 26. Rxe1 Re8 27. Rxe8+ Qxe8 28. Qb4 b5 29. axb6 axb6 30. g3 c5 31. dxc5 Qe7 32. Qa4 bxc5 33. Qa8+ Bd8 34. Nd2 Qe1+ 35. Nf1 Qe7 36. Ne3 g6 37. h4 Kg7 38. h5 f5 39. Kf1 Qd6 40. Qb7+ Be7 41. Nd5 Kf7 42. hxg6+ 1/2-1/2

[Event "LSS WC-2011-T-00002"]
[Site "LSS email"]
[Date "2010.06.10"]
[Round "?"]
[White "Braakhuis, Wilfried FR"]
[Black "Sukhodolsky, Alexandr"]
[Result "0-1"]
[WhiteElo "2315"]
[BlackElo "2323"]
[PlyCount "96"]
[EventDate "2010.06.15"]
[EventType "tourn (corr)"]
[EventRounds "10"]
[EventCountry "GER"]
[EventCategory "4"]
[SourceTitle "Corr 2013"]
[Source "ChessBase"]
[SourceDate "2012.11.12"]
[SourceVersion "1"]
[SourceVersionDate "2012.11.12"]
[SourceQuality "1"]
[WhiteTeam "US of America"]
[BlackTeam "US of America"]
[WhiteTeamCountry "USA"]
[BlackTeamCountry "USA"]

1. e4 c5 2. Nf3 Nc6 3. d4 cxd4 4. Nxd4 Nf6 5. Nc3 e5 6. Ndb5 d6 7. Nd5 Nxd5 8. exd5 Nb8 9. c4 Be7 10. Be2 0-0 11. 0-0 a6 12. Nc3 Nd7 13. Be3 f5 14. f3 Bg5 15. Qd2 Bxe3+ 16. Qxe3 a5 17. f4 Re8 18. Rae1 Nc5 19. b3 Bd7 20. Bh5 g6 21. Qg3 exf4 22. Rxe8+ Qxe8 23. Rxf4 Qe5 24. Be2 Rf8 25. h3 Kg7 26. Kh2 Re8 27. Kg1 h6 28. Rf3 g5 29. Qxe5+ dxe5 30. Rf2 e4 31. Bh5 Rf8 32. Rd2 Kf6 33. Rd1 Ke5 34. Kf1 Rf6 35. Be2 Rb6 36. Ke1 a4 37. d6 Rxd6 38. Rxd6 Kxd6 39. b4 Nd3+ 40. Bxd3 exd3 41. Kd2 f4 42. Kxd3 Bc6 43. g4 fxg3 44. Ke3 h5 45. c5+ Ke5 46. b5 Bg2 47. Nxa4 Bxh3 48. Nc3 h4 0-1

[Event "LSS WC-2011-T-00002"]
[Site "LSS email"]
[Date "2010.06.10"]
[Round "?"]
[White "Grennefors, Thomas"]
[Black "Braakhuis, Wilfried FR"]
[Result "0-1"]
[WhiteElo "2321"]
[BlackElo "2315"]
[PlyCount "78"]
[EventDate "2010.06.15"]
[EventType "tourn (corr)"]
[EventRounds "10"]
[EventCountry "GER"]
[EventCategory "4"]
[SourceTitle "Corr 2013"]
[Source "ChessBase"]
[SourceDate "2012.11.12"]
[SourceVersion "1"]
[SourceVersionDate "2012.11.12"]
[SourceQuality "1"]
[WhiteTeam "US of America"]
[BlackTeam "US of America"]
[WhiteTeamCountry "USA"]
[BlackTeamCountry "USA"]

1. d4 Nf6 2. c4 e6 3. Nf3 d5 4. g3 Be7 5. Bg2 0-0 6. 0-0 dxc4 7. Qc2 a6 8. Qxc4 b5 9. Qc2 Bb7 10. Bd2 Be4 11. Qc1 Nbd7 12. Ba5 Rc8 13. Nbd2 Ba8 14. Qc2 Qe8 15. b4 Bd6 16. e4 e5 17. Rfe1 Qe7 18. Bh3 exd4 19. Rac1 c5 20. e5 Nxe5 21. Bxc8 Rxc8 22. Nxe5 Bxe5 23. Qf5 Qb7 24. f3 Bd6 25. bxc5 Bf8 26. Nb3 Qxf3 27. Qxf3 Bxf3 28. Nxd4 Bd5 29. c6 Bc4 30. Red1 g6 31. Nf3 Rxc6 32. Ne5 Rc5 33. Nxc4 bxc4 34. Bb4 Rc8 35. Bxf8 Kxf8 36. Rd6 Ng4 37. Rxa6 Ne5 38. Rc3 Rc5 39. Kf1 Ke7 0-1

[Event "LSS ST-2008-0-00026"]
[Site "LSS email"]
[Date "2008.01.25"]
[Round "?"]
[White "Kotlyanskiy, Edward"]
[Black "Braakhuis, Wilfried FR"]
[Result "1-0"]
[WhiteElo "2482"]
[BlackElo "2333"]
[PlyCount "75"]
[EventDate "2008.01.16"]
[EventType "tourn (corr)"]
[EventRounds "6"]
[EventCountry "GER"]
[SourceTitle "Corr 2013"]
[Source "ChessBase"]
[SourceDate "2012.11.12"]
[SourceVersion "1"]
[SourceVersionDate "2012.11.12"]
[SourceQuality "1"]
[WhiteTeam "US of America"]
[BlackTeam "US of America"]
[WhiteTeamCountry "USA"]
[BlackTeamCountry "USA"]

1. e4 e5 2. Nf3 Nc6 3. Bb5 a6 4. Ba4 d6 5. c3 Bd7 6. d4 g6 7. 0-0 Bg7 8. Re1 b5 9. Bc2 Nf6 10. d5 Na5 11. a4 c5 12. dxc6 Bxc6 13. Bg5 h6 14. Bxf6 Bxf6 15. Na3 0-0 16. b4 Nc4 17. Nxc4 bxc4 18. Qe2 Rc8 19. Red1 Qe7 20. Nd2 d5 21. exd5 Bxd5 22. Ne4 Rfd8 23. Nxf6+ Qxf6 24. Qe3 Kg7 25. f3 Bc6 26. Re1 Re8 27. Be4 Qe6 28. Bxc6 Qxc6 29. a5 f5 30. Rad1 Re7 31. Rd2 Rf8 32. Red1 Rf6 33. Rd8 f4 34. Qe4 Qxe4 35. fxe4 Rc6 36. R8d6 Re6 37. Rxe6 Rxe6 38. Rd7+ 1-0

[Event "IECC CL1-2006.04 email"]
[Site "IECC email"]
[Date "2006.04.26"]
[Round "?"]
[White "Vroom, Gerard"]
[Black "Braakhuis, Wilfried FR"]
[Result "1/2-1/2"]
[WhiteElo "2202"]
[BlackElo "2317"]
[PlyCount "73"]
[EventDate "2006.??.??"]
[EventType "tourn (corr)"]
[EventRounds "4"]
[SourceTitle "Corr 2015"]
[Source "ChessBase"]
[SourceDate "2015.07.17"]
[SourceVersion "1"]
[SourceVersionDate "2015.07.17"]
[SourceQuality "1"]
[WhiteTeam "Netherlands"]
[BlackTeam "Netherlands"]
[WhiteTeamCountry "NED"]
[BlackTeamCountry "NED"]

1. e4 c5 2. Nf3 Nc6 3. Bb5 e6 4. 0-0 d6 5. c3 a6 6. Bxc6+ bxc6 7. d4 cxd4 8. cxd4 Ne7 9. Nc3 Ng6 10. Bg5 f6 11. Be3 d5 12. Qc2 Bd6 13. h4 0-0 14. h5 Nf4 15. h6 Qc7 16. Rfe1 Rb8 17. a3 Qf7 18. e5 fxe5 19. dxe5 Bc7 20. Bxf4 Qxf4 21. hxg7 Rf7 22. Na4 Rxg7 23. Re3 a5 24. Rc1 Bd8 25. b3 Be7 26. Nc5 Kh8 27. Ne1 Qh6 28. Ned3 Bg5 29. f4 Bxf4 30. Nxf4 Qxf4 31. Qf2 Qxf2+ 32. Kxf2 Rg5 33. g3 Kg7 34. Ke2 h5 35. Kd3 Ra8 36. Rh1 Ra7 37. Rh4 1/2-1/2

[Event "IECG WC.2006.T.00005 email"]
[Site "IECG email"]
[Date "2006.02.07"]
[Round "?"]
[White "Braakhuis, Wilfried FR"]
[Black "Fiala, Jaroslav"]
[Result "1/2-1/2"]
[WhiteElo "2400"]
[BlackElo "2380"]
[PlyCount "54"]
[EventDate "2006.02.07"]
[EventType "tourn (corr)"]
[EventRounds "6"]
[SourceTitle "Corr 2008"]
[Source "ChessBase"]
[SourceDate "2008.06.24"]
[SourceVersion "1"]
[SourceVersionDate "2008.06.24"]
[SourceQuality "1"]

1. d4 d5 2. c4 dxc4 3. Nf3 a6 4. e3 Nf6 5. Bxc4 e6 6. 0-0 c5 7. Qe2 b5 8. Bb3 Bb7 9. Rd1 Nbd7 10. Nc3 Qb8 11. d5 c4 12. dxe6 fxe6 13. Bc2 Bd6 14. Ng5 Bxh2+ 15. Kh1 Nc5 16. f4 Bg3 17. b4 Nd3 18. Bxd3 cxd3 19. Rxd3 0-0 20. e4 Bxf4 21. Bxf4 Qxf4 22. Nxe6 Qh6+ 23. Rh3 Nxe4 24. Qxe4 Bxe4 25. Rxh6 Bf5 26. Nxf8 gxh6 27. a4 bxa4 1/2-1/2

[Event "IECG WC.2006.T.00005 email"]
[Site "IECG email"]
[Date "2006.02.07"]
[Round "?"]
[White "Marusiak, Lech"]
[Black "Braakhuis, Wilfried FR"]
[Result "0-1"]
[WhiteElo "2378"]
[BlackElo "2400"]
[PlyCount "76"]
[EventDate "2006.02.07"]
[EventType "tourn (corr)"]
[EventRounds "6"]
[SourceTitle "Corr 2008"]
[Source "ChessBase"]
[SourceDate "2008.06.24"]
[SourceVersion "1"]
[SourceVersionDate "2008.06.24"]
[SourceQuality "1"]

1. e4 e6 2. d4 d5 3. Nd2 c5 4. Ngf3 cxd4 5. Nxd4 Nf6 6. e5 Nfd7 7. N2f3 Nc6 8. Nxc6 bxc6 9. Bd3 Ba6 10. 0-0 Bxd3 11. cxd3 Be7 12. Qa4 Qc7 13. Re1 0-0 14. Qg4 Rfb8 15. Bh6 Bf8 16. b3 a5 17. Bd2 Bb4 18. d4 a4 19. Qf4 Bxd2 20. Nxd2 Qa7 21. bxa4 Rb4 22. Nb3 c5 23. Qd2 Rxa4 24. dxc5 Nxc5 25. Nxc5 Qxc5 26. Rec1 Qa7 27. Rc2 h6 28. h3 Qa5 29. Qxa5 R8xa5 30. Kf1 g5 31. f3 Kg7 32. Kf2 h5 33. g3 Kg6 34. Rd2 Kf5 35. Re2 Ra3 36. Kg2 h4 37. g4+ Kg6 38. Kf2 f6 0-1

[Event "IECG WC.2005.T.00003 email"]
[Site "IECG email"]
[Date "2004.12.15"]
[Round "?"]
[White "Sidenko, Anatoly Viktorovich"]
[Black "Braakhuis, Wilfried FR"]
[Result "1-0"]
[WhiteElo "2269"]
[BlackElo "2416"]
[PlyCount "95"]
[EventDate "2004.12.15"]
[EventType "tourn (corr)"]
[EventRounds "10"]
[SourceTitle "Corr 2008"]
[Source "ChessBase"]
[SourceDate "2008.06.24"]
[SourceVersion "1"]
[SourceVersionDate "2008.06.24"]
[SourceQuality "1"]

1. d4 Nf6 2. c4 e6 3. Nc3 Bb4 4. Qc2 d5 5. cxd5 exd5 6. Nf3 0-0 7. Bg5 Nbd7 8. e3 c5 9. Be2 Qa5 10. 0-0 cxd4 11. Nxd4 Bxc3 12. bxc3 Ne4 13. Bf4 Ndc5 14. c4 Be6 15. Rfc1 dxc4 16. Bxc4 Bxc4 17. Qxc4 b6 18. f3 Nf6 19. e4 Nfd7 20. Rc2 Qa6 21. Qxa6 Nxa6 22. Rd2 Rfe8 23. Rad1 Ne5 24. Nf5 g6 25. Nd6 Re7 26. Bg5 Re6 27. f4 f6 28. Bxf6 Rxf6 29. fxe5 Re6 30. Kf2 Rxe5 31. Ke3 Nc5 32. h4 Rf8 33. g4 Kg7 34. Rd4 h6 35. Rg1 Re6 36. h5 Ref6 37. Rd2 Ne6 38. Rg3 Rf1 39. hxg6 Kxg6 40. Nf5 Kg5 41. Rd5 Re1+ 42. Kd2 Ra1 43. Nd4+ Kh4 44. Nf5+ Rxf5 45. gxf5 Rxa2+ 46. Kd1 Nf4 47. Rf3 Nxd5 48. exd5 1-0

[Event "IECG CM.2004.0.00261 email"]
[Site "IECG email"]
[Date "2004.12.10"]
[Round "?"]
[White "Hotting, Arend"]
[Black "Braakhuis, Wilfried FR"]
[Result "1/2-1/2"]
[WhiteElo "2479"]
[BlackElo "2416"]
[PlyCount "67"]
[EventDate "2004.12.10"]
[EventType "tourn (corr)"]
[EventRounds "6"]
[SourceTitle "Corr 2008"]
[Source "ChessBase"]
[SourceDate "2008.06.24"]
[SourceVersion "1"]
[SourceVersionDate "2008.06.24"]
[SourceQuality "1"]

1. e4 e6 2. d4 d5 3. Nc3 Nf6 4. Bg5 dxe4 5. Nxe4 Be7 6. Bxf6 gxf6 7. Nf3 b6 8. Bc4 Bb7 9. Qe2 c6 10. 0-0-0 Qc7 11. Rhe1 Nd7 12. Kb1 0-0-0 13. Ba6 Bxa6 14. Qxa6+ Kb8 15. Qe2 Rhg8 16. g3 f5 17. Ned2 h5 18. Nc4 h4 19. c3 hxg3 20. fxg3 Bf8 21. Rf1 Kb7 22. Ka1 Nf6 23. Nfe5 Nd5 24. Rde1 Bg7 25. Nd3 Bf6 26. Qf3 Rg7 27. Re2 Rh8 28. Nce5 Ne7 29. Kb1 Bxe5 30. dxe5 Rg4 31. Rd1 Rc4 32. h4 Nd5 33. Nf2 b5 34. Nd3 1/2-1/2

[Event "IECG WC.2003.F.00002 email"]
[Site "IECG email"]
[Date "2003.12.20"]
[Round "?"]
[White "Halwick, Floyd J Jr"]
[Black "Braakhuis, Wilfried FR"]
[Result "1-0"]
[WhiteElo "2380"]
[BlackElo "2312"]
[PlyCount "101"]
[EventDate "2003.12.20"]
[EventType "tourn (corr)"]
[EventRounds "14"]
[SourceTitle "Corr 2008"]
[Source "ChessBase"]
[SourceDate "2008.06.24"]
[SourceVersion "1"]
[SourceVersionDate "2008.06.24"]
[SourceQuality "1"]

1. e4 d6 2. d4 Nf6 3. Nc3 g6 4. Be3 Bg7 5. Qd2 c6 6. Nf3 b5 7. Bd3 0-0 8. Bh6 Bg4 9. Bxg7 Kxg7 10. h4 Bxf3 11. gxf3 e5 12. dxe5 dxe5 13. f4 Nbd7 14. 0-0-0 Qe7 15. Ne2 Rad8 16. Ng3 exf4 17. Qxf4 Qe5 18. Qg5 Qxg5+ 19. hxg5 Ng4 20. Rdf1 Nge5 21. Be2 f6 22. gxf6+ Nxf6 23. f4 Ned7 24. Rh4 Ng8 25. e5 Ne7 26. Rfh1 Rh8 27. Bg4 Nf8 28. c3 Nd5 29. Bh3 h6 30. Ne4 Nd7 31. Rd1 a6 32. a4 g5 33. Rg1 Nf8 34. Nc5 Ne3 35. fxg5 hxg5 36. Rxh8 Kxh8 37. e6 Ng6 38. Nd7 Nf4 39. Rxg5 Re8 40. a5 Ned5 41. Bg4 Rg8 42. Rxg8+ Kxg8 43. Nb8 Nc7 44. Nxc6 Kf8 45. e7+ Ke8 46. Kd2 Nfd5 47. Kd3 Nxe7 48. Nb4 Ncd5 49. Nxd5 Nxd5 50. Kd4 Nc7 51. Kc5 1-0

[Event "IECG WC.2003.F.00002 email"]
[Site "IECG email"]
[Date "2003.12.20"]
[Round "?"]
[White "Matic, Davor"]
[Black "Braakhuis, Wilfried FR"]
[Result "0-1"]
[WhiteElo "2302"]
[BlackElo "2312"]
[PlyCount "176"]
[EventDate "2003.12.20"]
[EventType "tourn (corr)"]
[EventRounds "14"]
[SourceTitle "Corr 2008"]
[Source "ChessBase"]
[SourceDate "2008.06.24"]
[SourceVersion "1"]
[SourceVersionDate "2008.06.24"]
[SourceQuality "1"]

1. e4 Nf6 2. e5 Nd5 3. d4 d6 4. Nf3 Bg4 5. Be2 e6 6. 0-0 Be7 7. c4 Nb6 8. h3 Bh5 9. Nc3 0-0 10. Be3 d5 11. c5 N6d7 12. b4 a6 13. a4 b6 14. a5 b5 15. Re1 Nc6 16. Qb3 Re8 17. Rad1 Nf8 18. g4 Bg6 19. Nh2 f6 20. f4 f5 21. Rf1 Qd7 22. Bd3 Kh8 23. gxf5 exf5 24. Nf3 Rad8 25. Qb1 Ne6 26. Ne2 Rf8 27. Ng3 Qe8 28. Rd2 Qf7 29. Kh2 Rde8 30. Rg2 Nb8 31. Rfg1 Nc6 32. Kh1 Rd8 33. Be2 Ng5 34. Nxg5 Bxg5 35. Kh2 Qe6 36. Qb2 Be7 37. Nf1 Rg8 38. Nd2 Rdf8 39. Nf3 Bh5 40. Ng5 Bxg5 41. Bxh5 Bh4 42. Qd2 Nd8 43. Bg6 Nf7 44. Qc2 Nh6 45. Bh5 c6 46. Bf2 Be7 47. Be2 Nf7 48. Be3 Nd8 49. Bd3 Qf7 50. Qe2 Ne6 51. Qf3 Bh4 52. Rf1 Qe7 53. Bf2 Bxf2 54. Qxf2 g5 55. fxg5 Rxg5 56. Rxg5 Qxg5 57. Rg1 Qf4+ 58. Qxf4 Nxf4 59. Rd1 Ne6 60. Bc2 Kg7 61. Kg3 Rf7 62. Rd3 Kh6 63. Bd1 Rg7+ 64. Kf2 Kg5 65. Kg3 f4+ 66. Kf2 h5 67. Bc2 Kh4 68. Rd1 Rf7 69. Bd3 Ng5 70. Re1 Nxh3+ 71. Kf3 Rg7 72. e6 Rg3+ 73. Ke2 f3+ 74. Kd2 Rg2+ 75. Ke3 f2 76. Rf1 Rg3+ 77. Kd2 Nf4 78. Bf5 Rg8 79. Rxf2 Kg5 80. Bc2 Re8 81. Rf1 Rxe6 82. Rg1+ Kh4 83. Rg8 Re2+ 84. Kc3 Rh2 85. Rc8 Ne2+ 86. Kd3 Nc1+ 87. Kc3 Kg5 88. Bb1 h4 0-1

[Event "IECG WC.2003.F.00002 email"]
[Site "IECG email"]
[Date "2003.12.20"]
[Round "?"]
[White "Sidenko, Anatoly Viktorovich"]
[Black "Braakhuis, Wilfried FR"]
[Result "0-1"]
[WhiteElo "2368"]
[BlackElo "2312"]
[PlyCount "98"]
[EventDate "2003.12.20"]
[EventType "tourn (corr)"]
[EventRounds "14"]
[SourceTitle "Corr 2008"]
[Source "ChessBase"]
[SourceDate "2008.06.24"]
[SourceVersion "1"]
[SourceVersionDate "2008.06.24"]
[SourceQuality "1"]

1. d4 f5 2. c4 Nf6 3. Nc3 e6 4. Bg5 Bb4 5. e3 Bxc3+ 6. bxc3 0-0 7. Bd3 d6 8. Ne2 e5 9. 0-0 c5 10. Qb1 h6 11. Bh4 Qd7 12. f3 Nc6 13. Bf2 b6 14. Ng3 g6 15. Qb5 a6 16. Qb2 Qc7 17. Rfd1 Bd7 18. Rab1 Rab8 19. e4 f4 20. Nf1 g5 21. Rd2 g4 22. fxg4 Nxg4 23. d5 Nxf2 24. Rxf2 Ne7 25. Nd2 Kh7 26. Qa3 Bc8 27. Nf3 Rg8 28. Rfb2 a5 29. Qb3 Rg4 30. Be2 Rg7 31. Qd1 Ng8 32. Kh1 Nf6 33. Nh4 Rg5 34. Qe1 Bd7 35. Nf3 Rg7 36. Nh4 Kh8 37. Bf3 Ng4 38. Bxg4 Rxg4 39. Qd2 Rxh4 40. a3 Rg4 41. Qd1 Rbg8 42. Rf2 Be8 43. Qd3 Qg7 44. Qf3 Bh5 45. Qh3 Qg5 46. Kg1 Rh4 47. Qd3 Bg4 48. Rxb6 Qh5 49. Kf1 Rxh2 0-1

[Event "IECG WC.2003.F.00002 email"]
[Site "IECG email"]
[Date "2003.12.20"]
[Round "?"]
[White "Stillerud, Lennart"]
[Black "Braakhuis, Wilfried FR"]
[Result "1/2-1/2"]
[WhiteElo "2312"]
[BlackElo "2312"]
[PlyCount "69"]
[EventDate "2003.12.20"]
[EventType "tourn (corr)"]
[EventRounds "14"]
[SourceTitle "Corr 2008"]
[Source "ChessBase"]
[SourceDate "2008.06.24"]
[SourceVersion "1"]
[SourceVersionDate "2008.06.24"]
[SourceQuality "1"]

1. e4 c6 2. d4 d5 3. e5 Bf5 4. c3 e6 5. Be2 c5 6. Nf3 Nc6 7. 0-0 cxd4 8. cxd4 Nge7 9. a3 a5 10. Be3 Bg4 11. Nbd2 Nf5 12. Rc1 Be7 13. Rc3 0-0 14. Qb3 Rb8 15. Bd3 Nxe3 16. fxe3 f6 17. exf6 Bxf6 18. h3 Bh5 19. Qc2 h6 20. Bb5 Na7 21. Be2 Rc8 22. Qb3 Rf7 23. Bd3 Rfc7 24. Rxc7 Qxc7 25. Bb1 Be8 26. Qd3 g6 27. Nh2 Bg7 28. Ng4 Qg3 29. Qe2 Kh8 30. Nf3 Nc6 31. Bd3 Ne7 32. e4 dxe4 33. Bxe4 Qf4 34. Re1 Rc1 35. Rxc1 1/2-1/2